Punt : matemàtiques : cicle inicial [E.G.B.] : quaderns a, b, c
Gespeichert in:
| 1. Verfasser: | |
|---|---|
| Format: | Buch |
| Sprache: | Katalanisch |
| Erschienen: |
Barcelona :
Vicens-Bàsica,
1985
|
| Ausgabe: | 4a ed |
| Katalog: | MANES: Suchergebnis im Bibliothekskatalog |
| Schulbuchspezifische Eigenschaften: |
|
| Tags: |
Tag hinzufügen
Keine Tags, Fügen Sie den ersten Tag hinzu!
|
| Hinzugefügt zu: | 15.12.2003 |
| Geändert in: | 07.05.2025 |
MARC
| LEADER | 00000nam a2200000 a 4500 | ||
|---|---|---|---|
| 001 | .b3056091 | ||
| 003 | ES-BaCBU | ||
| 005 | 20250507130118.0 | ||
| 008 | 031216s1985 spca ||l 000 ||cat|c | ||
| 020 | |a 8431619198 (vol. 2) |a 8431619554 (vol. 1) | ||
| 035 | |a C243947960 |9 ES-BaUB001 |a 0028-53260 |9 ES-BaUB035 | ||
| 040 | |a ES-BaBC |b cat |c ES-BaBC |d ES-BaUB | ||
| 100 | 1 | |a Vila, Antoni |9 31549 | |
| 245 | 1 | 0 | |a Punt : |b matemàtiques : cicle inicial [E.G.B.] : quaderns a, b, c / |c Antoni Vila i l'equip |
| 250 | |a 4a ed | ||
| 260 | |a Barcelona : |b Vicens-Bàsica, |c 1985 | ||
| 300 | |a vol.: |b il. col. | ||
| 505 | 8 | |a Conté: llibre 1; llibre 2 | |
| 561 | |5 es-CRAI |3 p1 TX EGB 9/1 VIC |a España. Biblioteca Universitat de Barcelona |k MANES | ||
| 690 | 0 | |a MATE | |
| 691 | 0 | |a PRI | |
| 856 | |y Registro en Cercabib - CRAI | ||
| 942 | |2 ddc |c BK | ||
| 999 | |c 89084 |d 89084 | ||
| 999 | |c manes:89084 |d 89084 | ||